| 000 | 00402cam a22001217a 4500 | ||
|---|---|---|---|
| 008 | 180718b1963 xxu||||| |||| 00| 0 eng d | ||
| 082 | _aA81x54 In2/61/19/PT6/4 | ||
| 100 | _aCensus of India 1961 | ||
| 245 | _aDelhi: a socio-economic survey of village Begampur | ||
| 260 |
_aDelhi _bThe Manager of Publications _c1963 |
||
| 300 | _a81+p. | ||
| 440 | _aCensus of India 1961. Volume XIX, Delhi. Part VI-No. 4 | ||
| 999 |
_c484146 _d484146 |
||